| 000 -LEADER |
| fixed length control field |
01016nam a22001457a 4500 |
| 008 - FIXED-LENGTH DATA ELEMENTS--GENERAL INFORMATION |
| fixed length control field |
211005b ||||| |||| 00| 0 eng d |
| 100 ## - MAIN ENTRY--PERSONAL NAME |
| Personal name |
Sengupta, Hindol |
| 245 ## - TITLE STATEMENT |
| Title |
Rural India’s innovation pipeline |
| 260 ## - PUBLICATION, DISTRIBUTION, ETC. (IMPRINT) |
| Place of publication, distribution, etc |
Kurukshetra |
| 300 ## - PHYSICAL DESCRIPTION |
| Extent |
69(7), May, 2021: p.49-50 |
| 520 ## - SUMMARY, ETC. |
| Summary, etc |
A surge of innovation is rippling through the countryside transforming the meaning of ‘rural’ in India forever. To fast-track the process of innovation in rural India, the Indian Council of Agricultural Research (ICAR) is setting up a Farmers Innovation Fund, and Innovation Centres across villages in the country to tap into the myriad innovations that are emerging from India’s village economy. ICAR is also supporting more than one hundred start-ups in processing and marketing rural produce and has brought in the energies of more than five thousand young men and women to work on such projects. – Reproduced
|
| 773 ## - HOST ITEM ENTRY |
| Main entry heading |
Kurukshetra |
| 906 ## - LOCAL DATA ELEMENT F, LDF (RLIN) |
| Subject DIP |
TECHNOLOGICAL INNOVATIONS - INDIA |
| 942 ## - ADDED ENTRY ELEMENTS (KOHA) |
| Item type |
Articles |